Pylon
Novela de ficción sobre un periodista emocionalmente perturbado y con problemas de alcoholismo, fascinado por la vida desordenada de un equipo de carreras de aviones, compuesto por el piloto Roger Shumann, su esposa Laverne que es mecánico de aviones, un paracaidista conocido como "el saltador&...
Đã lưu trong:
| Tác giả chính: | |
|---|---|
| Định dạng: | Sách |
| Ngôn ngữ: | Undetermined |
| Được phát hành: |
New York, Estados Unidos
Signet Books
1958
|
| Những chủ đề: | |
| Các nhãn: |
Thêm thẻ
Không có thẻ, Là người đầu tiên thẻ bản ghi này!
|
MARC
| LEADER | 00000nam a2200000Ia 4500 | ||
|---|---|---|---|
| 008 | 170316s9999 xx 000 0 und d | ||
| 040 | |a cru BVZT | ||
| 090 | |a 810 F-6p | ||
| 100 | |a Faulkner, William |9 558 | ||
| 245 | |a Pylon |c / William Faulkner | ||
| 260 | |a New York, Estados Unidos | ||
| 260 | |b Signet Books | ||
| 260 | |c 1958 | ||
| 300 | |a 189 páginas | ||
| 520 | |a Novela de ficción sobre un periodista emocionalmente perturbado y con problemas de alcoholismo, fascinado por la vida desordenada de un equipo de carreras de aviones, compuesto por el piloto Roger Shumann, su esposa Laverne que es mecánico de aviones, un paracaidista conocido como "el saltador", y el hijo pequeño de Laverne cuyo padre podía ser hijo de varios hombres. Esta historia captura el espíritu devastador de la aviación que incluía accidentes, los problemas contemporáneos como carreras de aviones, el mal estado de los estándares de seguridad y el pago de los pilotos. | ||
| 650 | |a LITERATURA ESTADOUNIDENSE |9 25 | ||
| 650 | |a EN IDIOMA INGLÉS |9 129 | ||
| 650 | |a NOVELA |9 13 | ||
| 999 | |c 5643 |d 5643 | ||
| 942 | |c 15 D |h 810 F-6p |2 z | ||
